Anàlisi físico-química aplicada a la biologia / per A. Oriol i Anguera

por Oriol Anguera, A.

Publicado: Barcelona : [Institució Catalana d'Història Natural] , 1935
Descripción Física: 4 p. ; 22 cm
Materias: Orina -- Anàlisi

MARC

LEADER 00000nam a2200000Ia 4500
001 15260
008 160829s1935 xx 000 0 cat d
080 |a RF-12-14 
100 |a Oriol Anguera, A.  |9 42535 
245 |a Anàlisi físico-química aplicada a la biologia / per A. Oriol i Anguera 
260 |a Barcelona :  |b [Institució Catalana d'Història Natural],  |c 1935 
300 |a 4 p. ;  |c 22 cm 
590 |a Extret del Butlletí de la Institució Catalana d'Història Natural, vol. 35, (4rt. trimestre 1935).  
590 |a Bibliografia.  
590 |a Prové de R-862 
650 |a Orina  |x Anàlisi  |9 46877 
856 4 |u https://media.diba.cat/diba/fitxers/arxiu/fulletons/bib_15260_1935_baixa.pdf  |y Accés lliure 
856 4 |u https://media.diba.cat/diba/fitxers/arxiu/fulletons/bib_15260_1935_baixa.pdf  |y Accés lliure 
901 |a Arxiu 
942 |n 1  |2 udc 
952 |0 0  |1 0  |4 0  |6 RF1214  |7 1  |9 53507  |a Arxiu  |b Arxiu  |d 2016-12-01  |l 0  |o RF-12-14  |p 15260  |r 2016-12-01 00:00:00  |w 2016-12-01  |y ARXIU 
999 |c 57373  |d 57373 
900 |a bib_15260_1935_baixa.pdf